NPS, New Production System : JIT crossing industry boundaries
This is a translated book from Japanese. It is valuable for the ideas imparted, but is not particularly easy to read or easy to understand. The focus is on true JIT. Make only what is ordered. Make to order. Improve systems so that manufacturing cycle is shorter than the order cycle.
محفوظ في:
| المؤلف الرئيسي: | |
|---|---|
| التنسيق: | كتاب |
| اللغة: | Undetermined |
| منشور في: |
Cambridge, Mass
Productivity Press
1988
|
| الموضوعات: | |
| الوسوم: |
إضافة وسم
لا توجد وسوم, كن أول من يضع وسما على هذه التسجيلة!
|
| Thư viện lưu trữ: | Trung tâm Học liệu Trường Đại học Cần Thơ |
|---|
| LEADER | 00886nam a2200217Ia 4500 | ||
|---|---|---|---|
| 001 | CTU_94185 | ||
| 008 | 210402s9999 xx 000 0 und d | ||
| 082 | |a 658.519 | ||
| 082 | |b S556 | ||
| 100 | |a Shinohara, Isao | ||
| 245 | 0 | |a NPS, New Production System : | |
| 245 | 0 | |b JIT crossing industry boundaries | |
| 245 | 0 | |c Isao Shinohara ; foreword by Norman Bodek. | |
| 260 | |a Cambridge, Mass | ||
| 260 | |b Productivity Press | ||
| 260 | |c 1988 | ||
| 520 | |a This is a translated book from Japanese. It is valuable for the ideas imparted, but is not particularly easy to read or easy to understand. The focus is on true JIT. Make only what is ordered. Make to order. Improve systems so that manufacturing cycle is shorter than the order cycle. | ||
| 650 | |a Production management | ||
| 650 | |z Japan | ||
| 904 | |i M.Loan | ||
| 980 | |a Trung tâm Học liệu Trường Đại học Cần Thơ | ||